000 02158nam a2200313Ia 4500
999 _c48582
_d48582
001 15481
003 GE_BSU
005 20241128141216.0
008 181216s2006||||ge |||||||||||||| ||geo||
020 _a9994086421
040 _cGE_BSU
041 _ageo
080 _a811.353'373.21 + 811.353'373.2 + 929.52(479.22) მ-40
100 _aმაღრაძე, ვახტანგ
_91990
245 _aქართველური ტოპონიმებისა და გვარების წარმოება და ურთიერთმიმართება = Formation and correlation kartvelian toponims and surnames /
_c ვახტანგ მაღრაძე ; რედაქტორები : პაატა ცხადაია, ვიანორ ახალაია ; საქართველოს მეცნიერებათა აკადემია, ენათმეცნიერების ინსტიტუტი.
264 _aთბილისი :
_bქართული ენა,
_c2006.
300 _a227გვ. ;
_c20 სმ.
504 _aბიბლიოგრაფია : გვ. 216-227
520 _aრეზიუმე ინგლისურ ენაზე
653 _aFormation and correlation kartvelian toponims and surnames
653 _aქართველური ტოპონიმებისა და გვარების წარმოება და ურთიერთმიმართება
653 _aქართული ტოპონიმიკა
653 _aქართული გვარ-სახელები
653 _aქართული გვარების ისტორია
700 _aცხადაია, პაატა
_eრედაქტორი
_923813
700 _aახალაია, ვიანორ
_eრედაქტორი
_923814
710 _aსაქართველოს მეცნიერებათა აკადემია, ენათმეცნიერების ინსტიტუტი
_923815
942 _cBK
_2udc